| Поле | Инд. | ПП | Название | Значение |
|---|---|---|---|---|
| Тип записи | a | |||
| Библиографический уровень | m | |||
| 001 | Контрольный номер | 8ca84523-57ec-4296-9f26-318181aa2c8c | ||
| 005 | Дата корректировки | 20230329091937.3 | ||
| 008 | Кодируемые данные | 080901 | ||
| 020 | a | ISBN | 5-8291-0788-0 (Акад. Проект) | |
| a | ISBN | 5-88687-175-6 (Деловая кн.) | ||
| 040 | a | Служба первич. каталог. | НБ ТвГУ | |
| 041 | 0_ | a | Код языка текста | rus |
| 080 | a | Индекс УДК | 659.4(075.8) | |
| 084 | a | Индекс другой классификации/Индекс ББК | С862я73-1 | |
| a | Индекс другой классификации/Индекс ББК | С524.224.67я73-1 | ||
| 090 | x | Авторский знак | Ш 26 | |
| a | Полочн. индекс | С862 | ||
| 100 | 1_ | a | Автор | Шарков Феликс Изосимович |
| e | Роль лиц | Автор | ||
| 245 | 10 | a | Заглавие | Реклама и связи с общественностью: коммуникативная и интегративная сущность кампаний |
| b | Продолж. заглавия | учебное пособие | ||
| c | Ответственность | Ф. И. Шарков, А. А. Родионов ; Акад. труда и соц. отношений, Каф. связей с общественностью | ||
| 260 | 0_ | a | Место издания | Москва |
| b | Издательство | Академический Проект | ||
| 260 | a | Место издания | Екатеринбург | |
| b | Издательство | Деловая книга | ||
| c | Дата издания | 2007 | ||
| 300 | a | Объем | 299, [2] с. | |
| 440 | _0 | a | Серия | Gaudeamus |
| 504 | a | Библиография | Библиогр.: с. 296-298 и в подстроч. примеч. | |
| 653 | 0_ | a | Ключевые слова | Связи с общественностью |
| a | Ключевые слова | Реклама | ||
| a | Ключевые слова | Организации | ||
| a | Ключевые слова | Управление | ||
| a | Ключевые слова | Менеджмент | ||
| a | Ключевые слова | Маркетинговые коммуникации | ||
| a | Ключевые слова | Рекламные кампании | ||
| a | Ключевые слова | Паблик рилейшнз | ||
| a | Ключевые слова | PR-технологии | ||
| a | Ключевые слова | PR-кампании | ||
| 700 | 1_ | a | Другие авторы | Родионов А. А. |
| e | Роль лиц | авт. | ||
| 852 | 41 | i | Расстановочный признак | Проверка 2023 |
| 863 | t | 0234486 | ||
| 901 | t | Тип документа | m | |
| 920 | a | Оператор | Поля | |
| a | Оператор | Суха | ||
| a | Оператор | Стро | ||
| a | Оператор | Семен | ||
| 952 | c | Вид литературы | К ру | |
| 954 | a | Дата поступления на обработку | 20080909 | |
| e | Дата перешифровки | 20230329 |